000 00257nam a2200109Ia 4500
008 190914s9999||||xx |||||||||||||| ||und||
100 _aLea,Doug
245 0 _aConcurrent Programming In java
260 _aUSA
_bMcGraw Hill
_c1983
300 _a448
942 _cBK
999 _c8427
_d8427